00937nam a22002657a 45000010005000000030006000050050017000110080041000280200015000690400029000840500014001130820008001271000034001352450125001692500022002942600035003163000038003515050007003895200135003965210019005315210018005506500024005686500040005927000039006324534FISKH20250829144956.0240913b cb ||||| |||| 00| 0 eng d a0590421298 aFISKHbengcFISKHdFISKH aPZ7.P4445 2813 aPeterson, Johnd(1924–2002) aThe littles go to school /cby John Peterson Illustrated by Roberta Carter Clark Cover illustration by Jacqueline Rogers aPublished in 1983 aNew York :bScholastic,c1983. a71 pages :billustrations ;c20cm aP  aThe children of a family of tiny people accidentally travel to the big children's school when they are trapped in a gerbil's cage.8 a610 bLexile 8 aP bRaz-Plus  2SchoolaThe Littles 2Early readeraFantasy fictionvKids aClark, Roberta CarterdIllustrator